000 00972nam a22001817a 4500
008 100706t1985 xxu||||| |||| 00| 0 ara d
082 _222
_a320.54
_bف ن د
100 1 _915944
_aفندلي، بول
245 _aمن يجرؤ علي الكلام :
_bاللوبي الصهيوني وسياسات أمريكا الداخلية والخارجية /
_cبول فندلي .
260 _aبيروت :
_bشركة المطبوعات للتوزيع والنشر،
_c1985.
300 _a578 ص :
_bايض ؛
_c24 سم.
504 _aيحتوي علي ارجاعات ببليوجرافية.
541 _aألف باء ؛
_cشراء ؛
650 0 _913307
_aالصهيونية
650 0 _916849
_aالولايات المتحدة الأمريكية
_bالسياسة الخارجية
942 _2ddc
_cBB
999 _c14391
_d14391